01396nam a22003257a 4500001001000000003001100010005001700021008004100038020001500079040001800094050002300112110006500135240007900200245006900279260008700348300004000435500001200475505013600487650006300623651010900686700002800795700002800823700003500851700003100886700003100917700003800948700002600986700002901012700002901041BRCA_9333FranzMayer20230918120726.0230825b |||||||| |||| 00| 0 eng d a0965380556 aMFMbespcMFM 0aN529.C2b.N67 20011 4ResponsableaThe University of North Carolina at Chapel Hill aEuropean Drawingshfrom the Collection of the Ackland Art MuseumlInglés0 aEuropean Drawingsbfrom the Collection of the Ackland Art Museum aCarolina del Norte, EE. UU.bThe University of North Carolina at Chapel Hillc2001 a254 pbIlustraciones a colorc30 cm aAnexo 1 aTexto en: inglésIncluye índice temáticoIncluye índice de autoresDirigido a: artistas, museógrafos, historiadores de arte.1 2Artes visualesaMuseos y galeriasvExposiciones especiales2 2Museos de Estados Unidos de AméricaaUniversidad de Carolina del Norte Chapel HillvAckland Art Museum1 4RespaGillham, Carol C.1 4Resp.aWood, Carolyn H.1 4Cont.aAllmendiger, Carolyn M.1 4Cont.aBuck, Elizabeth, G.1 4Cont.aClements, Catherine1 4Cont.aKeller-Brown, M. Catherine1 4Cont.aRiggs, Timothy1 4Cont.aSchroder, Anne L.1 4Cont.aYonan, Michael E.